000
00221nam a22000857a 4500
008
160705b xxu||||| |||| 00| 0 eng d
100
_9
2105
_a
Choudhary, C
245
_a
Teaching of Biology
260
_a
New Delhi
_b
A.P.H.
_c
2004
999
_c
1800
_d
1800